Inter Milan buteurs - Statistiques

Statistiques générales
  • Ce quiz a été pris 114 fois
  • Le résultat moyen est 4 sur 25
Statistiques - réponses
Nb Buts Joueur Top % Correct
59 Ronaldo 25
68%
72 Lautaro Martinez 17
47%
74 Adriano 16
39%
284 Giuseppe Meazza 1
38%
124 Mauro Icardi 7
36%
75 Diego Milito 13
33%
64 Romelu Lukaku 24
31%
66 Zlatan Ibrahimovic 23
30%
123 Christian Vieri 8
20%
209 Alessandro Altobelli 2
9%
162 Sandro Mazzola 4
9%
71 Alvaro Recoba 19
8%
75 Giacinto Facchetti 15
5%
75 Julio Cruz 14
5%
173 Roberto Boninsegna 3
4%
143 Benito Lorenzi 5
2%
78 Aldo Serena 12
1%
80 Antonio Angelillo 11
1%
86 Attilio Demaria 10
1%
72 Gino Armano 18
1%
133 Istvan Nyers 6
1%
70 Jair 20
1%
95 Mario Corso 9
1%
69 Eddie Firmani 21
0%
68 Leopoldo Conti 22
0%
Aucun quiz correspondant
Distribution des résultats
% des personnes avec chaque résultat
Percentile par nombre de réponses
Votre historique - résultats
Vous n’avez pas pris ce quiz